[Event "4NCL/Div2/3CS1 vs. AD2"]
[Site "West Bromwich ENG"]
[Date "2002.11.24"]
[Round "2.8"]
[White "McIntosh, Doreen"]
[Black "Adams, Phil"]
[Result "0-1"]
[WhiteElo "1344"]
[BlackElo "2056"]
[PlyCount "82"]
[EventDate "2002.11.24"]

1. d4 Nf6 2. c4 g6 3. Nc3 Bg7 4. e3 O-O 5. Nf3 c5 6. Be2 cxd4 7. exd4 d5 8. h3
dxc4 9. Bxc4 Nc6 10. Be3 Na5 11. Be2 Be6 12. O-O Nc4 13. Bxc4 Bxc4 14. Re1 Nd5
15. Qd2 Nxc3 16. bxc3 Rc8 17. Bh6 f6 18. Bxg7 Kxg7 19. Qe3 Rf7 20. g4 Qd7 21.
Nd2 Bd5 22. Ne4 Bxe4 23. Qxe4 Rxc3 24. Kg2 Rc4 25. Rab1 b6 26. g5 Rxd4 27.
gxf6+ exf6 28. Qe8 Qd5+ 29. Kh2 Rd2 30. Re2 Rxe2 31. Qxe2 Qd6+ 32. Kg2 Re7 33.
Qf3 Qe5 34. Rc1 Qg5+ 35. Qg3 Qxc1 36. h4 Qc6+ 37. Kh3 Re5 38. f4 Rc5 39. Qg4
Qh1+ 40. Kg3 Rc3+ 41. Kf2 Qh2+ 0-1

[Event "4NCL/Div2/WRO1 vs. GUI2"]
[Site "West Bromwich ENG"]
[Date "2002.11.24"]
[Round "2.1"]
[White "Dunnington, Angus J"]
[Black "Thompson, Ian D"]
[Result "1-0"]
[WhiteElo "2388"]
[BlackElo "2238"]
[PlyCount "51"]
[EventDate "2002.11.24"]

1. Nf3 Nf6 2. d4 b6 3. Bg5 Bb7 4. Nbd2 e6 5. e3 c5 6. c3 Be7 7. Bd3 Nc6 8. O-O
d5 9. Ne5 Nxe5 10. dxe5 Nd7 11. Bxe7 Qxe7 12. f4 f6 13. Qh5+ Qf7 14. Qe2 f5 15.
c4 O-O 16. Nf3 Qe7 17. a3 a6 18. cxd5 exd5 19. b4 a5 20. bxc5 Nxc5 21. Rab1 a4
22. Rxb6 Nb3 23. Rd6 Qc7 24. Ng5 Qc3 25. Qh5 h6 26. Rxh6 1-0

[Event "4NCL/Div2/WRO1 vs. GUI2"]
[Site "West Bromwich ENG"]
[Date "2002.11.24"]
[Round "2.2"]
[White "Jackson, Adrian"]
[Black "McFarland, Robert S"]
[Result "1/2-1/2"]
[WhiteElo "2232"]
[BlackElo "2292"]
[PlyCount "44"]
[EventDate "2002.11.24"]

1. e4 g6 2. d4 Bg7 3. Nc3 d6 4. f4 a6 5. a4 f5 6. exf5 Bxf5 7. Bd3 Nh6 8. Nf3
O-O 9. Ne4 Nc6 10. c3 Qd7 11. O-O Nf7 12. Ng3 Bxd3 13. Qxd3 e6 14. Bd2 Rae8 15.
Ne4 Ncd8 16. b3 Re7 17. Rae1 b5 18. axb5 axb5 19. Ra1 c6 20. c4 bxc4 21. bxc4
c5 22. dxc5 dxc5 1/2-1/2

[Event "4NCL/Div2/WRO1 vs. GUI2"]
[Site "West Bromwich ENG"]
[Date "2002.11.24"]
[Round "2.3"]
[White "Gayson, Peter M"]
[Black "Granat, Russell G"]
[Result "1/2-1/2"]
[WhiteElo "2257"]
[BlackElo "2245"]
[PlyCount "84"]
[EventDate "2002.11.24"]

1. e4 Nc6 2. Nf3 e5 3. d4 exd4 4. Bc4 d6 5. Nxd4 Nxd4 6. Qxd4 Be6 7. Bxe6 fxe6
8. Nc3 Nf6 9. O-O Be7 10. e5 dxe5 11. Qxe5 Qd7 12. Re1 Kf7 13. Ne4 h6 14. Nxf6
Bxf6 15. Qh5+ Kg8 16. Bf4 Qf7 17. Qb5 c6 18. Qb3 Re8 19. Be5 Kh7 20. Rad1 Bxe5
21. Rxe5 Rhf8 22. Qd3+ Qg6 23. f3 Qxd3 24. Rxd3 Kg6 25. Rd6 Kf6 26. Re4 g5 27.
Kf2 Rf7 28. Ke3 Rc7 29. c4 c5 30. h4 Ree7 31. hxg5+ hxg5 32. Kf2 Rc8 33. Rd1
Rcc7 34. Rh1 Rh7 35. Ree1 Rh4 36. Rxh4 gxh4 37. Re4 Rd7 38. Ke2 Rh7 39. Rf4+
Ke7 40. Rg4 Kf6 41. Ke3 h3 42. gxh3 Rxh3 1/2-1/2

[Event "4NCL/Div2/WRO1 vs. GUI2"]
[Site "West Bromwich ENG"]
[Date "2002.11.24"]
[Round "2.4"]
[White "Richardson, Keith B"]
[Black "Gourlay, Iain"]
[Result "1-0"]
[WhiteElo "2141"]
[BlackElo "2257"]
[PlyCount "87"]
[EventDate "2002.11.24"]

1. c4 Nf6 2. Nc3 e5 3. Nf3 Nc6 4. a3 a5 5. d4 exd4 6. Nxd4 g6 7. e4 Nxe4 8.
Nxe4 Qe7 9. Bd3 Nxd4 10. Bg5 Qe6 11. Bf6 Rg8 12. Bxd4 f5 13. O-O fxe4 14. Bxe4
Rg7 15. Bd5 Qf5 16. Bxg7 Bxg7 17. Re1+ Kd8 18. Qe2 Qf8 19. Rad1 c6 20. Be6 d6
21. Rd3 Kc7 22. Rf3 Qh8 23. Rf7+ Kb6 24. Bxc8 Rxc8 25. Qe7 Bxb2 26. Qxb7+ Kc5
27. Qa7+ Kxc4 28. Rf4+ Kb3 29. Qxa5 Ka2 30. Re2 Re8 31. Rc2 Qe5 32. Qxe5 Rxe5
33. g3 Kb3 34. Rxc6 Bxa3 35. Rf3+ Kb4 36. Rxd6 Bc1 37. Rd7 h5 38. h4 g5 39.
hxg5 Bxg5 40. Rh7 Be7 41. Kg2 Kc4 42. Rff7 Bc5 43. Rf4+ Kd3 44. Rhf7 1-0

[Event "4NCL/Div2/WRO1 vs. GUI2"]
[Site "West Bromwich ENG"]
[Date "2002.11.24"]
[Round "2.5"]
[White "Burnett, Jim"]
[Black "Norman, Kenneth I"]
[Result "1/2-1/2"]
[WhiteElo "2187"]
[BlackElo "2141"]
[PlyCount "68"]
[EventDate "2002.11.24"]

1. d4 Nf6 2. c4 g6 3. Nc3 d5 4. Bf4 Bg7 5. e3 c5 6. dxc5 Qa5 7. Rc1 Ne4 8. cxd5
Nxc3 9. Qd2 Qxa2 10. bxc3 Qa5 11. c4 Qxd2+ 12. Kxd2 Nd7 13. Bd3 Nxc5 14. Rb1
Bd7 15. Nf3 O-O 16. Be5 Rfc8 17. Bxg7 Kxg7 18. Nd4 Kf6 19. f4 Rc7 20. e4 a5 21.
Nb3 Nxd3 22. Kxd3 b5 23. Nd2 bxc4+ 24. Nxc4 a4 25. Rb6+ Kg7 26. Ra1 Rac8 27.
Rb4 Bb5 28. Rxb5 Rxc4 29. Ra3 f5 30. exf5 Rxf4 31. fxg6 hxg6 32. Ra5 Rcc4 33.
Ke3 Rce4+ 34. Kd3 Rd4+ 1/2-1/2

[Event "4NCL/Div2/WRO1 vs. GUI2"]
[Site "West Bromwich ENG"]
[Date "2002.11.24"]
[Round "2.6"]
[White "Anderton, Matthew N"]
[Black "Barrett, Steve J"]
[Result "0-1"]
[WhiteElo "2208"]
[BlackElo "2140"]
[PlyCount "80"]
[EventDate "2002.11.24"]

1. e4 c5 2. c3 d5 3. exd5 Qxd5 4. d4 Nc6 5. Nf3 cxd4 6. cxd4 e5 7. Nc3 Bb4 8.
Bd2 Bxc3 9. Bxc3 e4 10. Nd2 Nf6 11. Bc4 Qg5 12. d5 Ne5 13. Bxe5 Qxe5 14. Qa4+
Bd7 15. Qa3 b5 16. Bb3 a5 17. Bc2 b4 18. Qg3 Qxg3 19. hxg3 O-O 20. O-O e3 21.
Nc4 Bb5 22. Nxe3 Bxf1 23. Kxf1 Rfd8 24. Ba4 g6 25. Bc6 Ra7 26. Rc1 Nd7 27. Ke2
Kf8 28. Ba4 Nb6 29. Bc6 Nd7 30. Ba4 Ke7 31. Rd1 Nb6 32. Bc6 f5 33. Rd4 Kd6 34.
Kd3 Kc5 35. f3 Re7 36. g4 fxg4 37. Rxg4 Nd7 38. Re4 Ne5+ 39. Ke2 Nxc6 40. dxc6
Rxe4 0-1

[Event "4NCL/Div2/WRO1 vs. GUI2"]
[Site "West Bromwich ENG"]
[Date "2002.11.24"]
[Round "2.7"]
[White "White, Mark W"]
[Black "Coates, Kenneth G"]
[Result "0-1"]
[WhiteElo "2104"]
[BlackElo "2169"]
[PlyCount "94"]
[EventDate "2002.11.24"]

1. e4 c5 2. Nf3 d6 3. d4 cxd4 4. Nxd4 Nf6 5. Nc3 a6 6. Rg1 e5 7. Nb3 Be6 8. g4
d5 9. g5 Nxe4 10. Nxe4 dxe4 11. Qxd8+ Kxd8 12. Be3 Nd7 13. O-O-O Kc7 14. Bg2
Bf5 15. Rd5 Be7 16. Rgd1 Rhd8 17. h4 Be6 18. R5d2 f5 19. gxf6 Nxf6 20. Nc5 Bg4
21. Rxd8 Rxd8 22. Rxd8 Bxd8 23. Nxe4 Nxe4 24. Bxe4 h6 25. f3 Be6 26. Bf2 g5 27.
Bg3 Kd6 28. hxg5 Bxg5+ 29. Kd1 b5 30. b3 h5 31. Ke2 h4 32. Bh2 Bf4 33. Bxf4
exf4 34. Kf2 b4 35. Bd3 a5 36. Be4 Ke5 37. Kg2 Kd4 38. Kf2 Kc3 39. Kg2 Kb2 40.
Bd3 Kxa2 41. Be4 Kb2 42. Bd3 Kc3 43. Be4 Bd7 44. Kh2 a4 45. bxa4 Bxa4 46. Kh3
Bxc2 47. Bd5 Kd4 0-1

[Event "4NCL/Div2/WRO1 vs. GUI2"]
[Site "West Bromwich ENG"]
[Date "2002.11.24"]
[Round "2.8"]
[White "Feld, Katherine L"]
[Black "Richards, Susan"]
[Result "1-0"]
[WhiteElo "1584"]
[BlackElo "1328"]
[PlyCount "55"]
[EventDate "2002.11.24"]

1. e4 e5 2. Nf3 Nc6 3. Bc4 Bc5 4. d3 Nf6 5. Nc3 h6 6. Be3 d6 7. a3 Ng4 8. Qe2
Nxe3 9. fxe3 Bg4 10. Rf1 O-O 11. h3 Bxf3 12. Rxf3 Qh4+ 13. g3 Qxh3 14. O-O-O
Nd8 15. Qf2 Ne6 16. Rf1 Ng5 17. Bxf7+ Rxf7 18. Rxf7 Bxe3+ 19. Qxe3 Nxf7 20. Qf2
Rf8 21. Nd5 Qe6 22. Nxc7 Qa2 23. c3 Qb3 24. Qf5 Qb6 25. Ne6 Qe3+ 26. Kc2 Rb8
27. Qxf7+ Kh8 28. Qxg7# 1-0

[Event "4NCL/Div2/SWD2 vs. PPA1"]
[Site "West Bromwich ENG"]
[Date "2002.11.24"]
[Round "2.1"]
[White "Trevelyan, John"]
[Black "Swanson, Stephen"]
[Result "0-1"]
[WhiteElo "2207"]
[BlackElo "2291"]
[PlyCount "56"]
[EventDate "2002.11.24"]

1. d4 g6 2. c4 Bg7 3. Nc3 d6 4. e4 Nd7 5. f4 c6 6. Nf3 Qb6 7. Be2 Nh6 8. b3 O-O
9. Be3 Ng4 10. Bg1 Qa5 11. Qd2 e5 12. h3 Ngf6 13. Bh2 exd4 14. Nxd4 Nxe4 15.
Nxe4 Qxd2+ 16. Kxd2 Bxd4 17. Rad1 d5 18. cxd5 cxd5 19. Nd6 Nf6 20. Bf3 Rd8 21.
Nxc8 Raxc8 22. Kd3 Bb6 23. Bg3 Ne4 24. Be1 Re8 25. g4 Ng3 26. Bxg3 Re3+ 27. Kd2
Rxf3 28. Bh4 Rxf4 0-1

[Event "4NCL/Div2/SWD2 vs. PPA1"]
[Site "West Bromwich ENG"]
[Date "2002.11.24"]
[Round "2.2"]
[White "Walker, Martin G"]
[Black "May, Frank"]
[Result "1/2-1/2"]
[WhiteElo "2304"]
[BlackElo "2161"]
[PlyCount "98"]
[EventDate "2002.11.24"]

1. e4 d6 2. d4 Nf6 3. Nc3 Nbd7 4. f4 e5 5. dxe5 dxe5 6. fxe5 Nxe5 7. Qxd8+ Kxd8
8. Bg5 c6 9. Nf3 Bd6 10. O-O-O Kc7 11. Be2 Nfg4 12. h3 f6 13. hxg4 fxg5 14.
Nxg5 h6 15. Rdf1 Bxg4 16. Nf7 Bxe2 17. Nxe2 Rhf8 18. Nxd6 Kxd6 19. Nd4 Rxf1+
20. Rxf1 Rg8 21. Kd2 h5 22. b3 b5 23. c3 a6 24. Ke2 c5 25. Nf5+ Ke6 26. Rd1 Nf7
27. Rd5 g6 28. Nh4 Nd6 29. Ke3 c4 30. Nf3 cxb3 31. axb3 Rc8 32. Kd4 a5 33. Rg5
Rg8 34. Rc5 Rc8 35. Rxc8 Nxc8 36. Kc5 Nd6 37. e5 Ne4+ 38. Kxb5 Nxc3+ 39. Kxa5
g5 40. Nxg5+ Kxe5 41. Kb4 Na2+ 42. Ka3 Nc3 43. Kb2 Nb5 44. Nh3 Kf5 45. Kc2 Nd4+
46. Kc3 Nxb3 47. Kxb3 Kg4 48. Kc3 Kg3 49. Kd3 Kxg2 1/2-1/2

[Event "4NCL/Div2/SWD2 vs. PPA1"]
[Site "West Bromwich ENG"]
[Date "2002.11.24"]
[Round "2.3"]
[White "Spice, Alan"]
[Black "Harley, Andrew"]
[Result "1/2-1/2"]
[WhiteElo "2171"]
[BlackElo "2260"]
[PlyCount "38"]
[EventDate "2002.11.24"]

1. f4 Nf6 2. Nf3 g6 3. e3 Bg7 4. Be2 O-O 5. O-O c5 6. Qe1 Nc6 7. d3 d5 8. Bd1
Bg4 9. Ne5 Bxd1 10. Nxc6 bxc6 11. Qxd1 Re8 12. f5 e6 13. fxg6 fxg6 14. Nc3 e5
15. e4 dxe4 16. Be3 exd3 17. Qxd3 Qxd3 18. cxd3 e4 19. dxe4 Nxe4 1/2-1/2

[Event "4NCL/Div2/SWD2 vs. PPA1"]
[Site "West Bromwich ENG"]
[Date "2002.11.24"]
[Round "2.4"]
[White "Moore, Gerald"]
[Black "Binks, Michael"]
[Result "1-0"]
[WhiteElo "2238"]
[BlackElo "2149"]
[PlyCount "97"]
[EventDate "2002.11.24"]

1. Nf3 Nf6 2. c4 c5 3. Nc3 Nc6 4. d4 cxd4 5. Nxd4 d6 6. e4 g6 7. Be2 Bg7 8. Be3
Bd7 9. O-O a6 10. f3 Rc8 11. Rc1 h6 12. Nxc6 Bxc6 13. b4 Bd7 14. Qd2 g5 15.
Rfd1 O-O 16. c5 Ne8 17. Nd5 Ba4 18. cxd6 Rxc1 19. dxe7 Rxd1+ 20. Bxd1 Qd7 21.
Bxa4 Qxa4 22. Nb6 Qc6 23. Nd7 f6 24. exf8=Q+ Bxf8 25. Nxf8 Kxf8 26. Bc5+ Kf7
27. Qd8 Qe6 28. a4 f5 29. Qd4 fxe4 30. fxe4 Nf6 31. e5 Ng4 32. h3 Nxe5 33. Qe4
Nd7 34. Qxb7 Kg6 35. Bf2 g4 36. hxg4 Nf6 37. b5 Qxg4 38. Qf3 Qxa4 39. b6 h5 40.
Qd3+ Ne4 41. Bd4 Qc6 42. Qxa6 Kf7 43. Qa2+ Ke7 44. Qb2 Nd6 45. Bf2 Kf7 46. Qe5
Kg6 47. Qe6+ Kh7 48. Be3 Kg7 49. Kh2 1-0

[Event "4NCL/Div2/SWD2 vs. PPA1"]
[Site "West Bromwich ENG"]
[Date "2002.11.24"]
[Round "2.5"]
[White "Adams, Mark A"]
[Black "Morgan, Ben"]
[Result "1/2-1/2"]
[WhiteElo "2106"]
[BlackElo "2217"]
[PlyCount "73"]
[EventDate "2002.11.24"]

1. e4 c5 2. Nf3 Nc6 3. d4 cxd4 4. Nxd4 g6 5. c4 Bg7 6. Be3 Nf6 7. Nc3 O-O 8.
Be2 d6 9. O-O Bd7 10. Qd2 Nxd4 11. Bxd4 Bc6 12. Bd3 a5 13. Rae1 Re8 14. Nd5
Bxd5 15. exd5 Nd7 16. Bxg7 Kxg7 17. Re3 Nf8 18. Rfe1 e5 19. dxe6 Rxe6 20. Be4
Qf6 21. Bd5 Rxe3 22. Rxe3 Ne6 23. Rb3 Re8 24. Rxb7 Qe5 25. h4 a4 26. g3 Rf8 27.
Bxe6 Qxe6 28. Qd5 Qxd5 29. cxd5 Kf6 30. f4 Kf5 31. Rb4 Kg4 32. Kf2 Rc8 33. Rxa4
Rc2+ 34. Ke3 Rxb2 35. Ra6 Kxg3 36. Rxd6 Rxa2 37. Rd7 1/2-1/2

[Event "4NCL/Div2/SWD2 vs. PPA1"]
[Site "West Bromwich ENG"]
[Date "2002.11.24"]
[Round "2.6"]
[White "Hammond, Andrew JC"]
[Black "Brown, Alan M"]
[Result "1/2-1/2"]
[WhiteElo "2206"]
[BlackElo "2133"]
[PlyCount "51"]
[EventDate "2002.11.24"]

1. d4 Nf6 2. Nf3 e6 3. e3 b6 4. Nbd2 Bb7 5. Bd3 d5 6. O-O Nbd7 7. Qe2 Ne4 8.
Rd1 Bd6 9. Bxe4 dxe4 10. Ne5 O-O 11. Ndc4 Qe7 12. a4 Bxe5 13. Nxe5 Nxe5 14.
dxe5 Qg5 15. Bd2 a5 16. Qc4 Qe7 17. Bc3 Rfd8 18. Rd4 Rd5 19. Rad1 Rad8 20. h3
h6 21. Kh2 c5 22. R4d2 Rxd2 23. Rxd2 Rxd2 24. Bxd2 Qc7 25. Bc3 Bd5 26. Qe2
1/2-1/2

[Event "4NCL/Div2/SWD2 vs. PPA1"]
[Site "West Bromwich ENG"]
[Date "2002.11.24"]
[Round "2.7"]
[White "Miles, Richard"]
[Black "Byway, Paul"]
[Result "0-1"]
[WhiteElo "2078"]
[BlackElo "2188"]
[PlyCount "66"]
[EventDate "2002.11.24"]

1. c4 Nf6 2. Nf3 e6 3. d4 b6 4. a3 Bb7 5. Nc3 d5 6. cxd5 exd5 7. g3 Be7 8. Bg2
O-O 9. O-O Nbd7 10. Ne5 c5 11. Nxd7 Qxd7 12. Bf4 Rfd8 13. Rc1 c4 14. Re1 b5 15.
Rc2 Ne4 16. Bc1 a5 17. f3 Nf6 18. Rd2 b4 19. Na4 Qb5 20. e4 Bc6 21. exd5 Nxd5
22. f4 Bf8 23. Nc5 c3 24. Rd3 Re8 25. Rxe8 Rxe8 26. Ne4 f5 27. Ng5 cxb2 28.
Bxb2 h6 29. Nf3 Ne3 30. Rxe3 Rxe3 31. axb4 axb4 32. d5 Qxd5 33. Bd4 Rxf3 0-1

[Event "4NCL/Div2/SWD2 vs. PPA1"]
[Site "West Bromwich ENG"]
[Date "2002.11.24"]
[Round "2.8"]
[White "Smith, Robyn"]
[Black "Blackburn, Suzy G"]
[Result "0-1"]
[WhiteElo "1536"]
[BlackElo "1720"]
[PlyCount "112"]
[EventDate "2002.11.24"]

1. e4 e6 2. d4 d5 3. e5 c5 4. c3 Nc6 5. Nf3 Qb6 6. a3 Bd7 7. b4 cxd4 8. cxd4
Rc8 9. Be2 Nge7 10. O-O Nf5 11. Be3 Be7 12. Qd2 f6 13. exf6 Bxf6 14. Rd1 O-O
15. Nc3 Nxe3 16. fxe3 Ne7 17. Rac1 Nf5 18. Bd3 Nd6 19. Qf2 Nc4 20. Bxc4 Rxc4
21. Qa2 Rfc8 22. Ne2 Qa6 23. Qb2 Ba4 24. Rxc4 Rxc4 25. Rc1 Rxc1+ 26. Nxc1 Qc4
27. Ne2 Bb5 28. Kf2 g5 29. Ne1 e5 30. Nf3 e4 31. Ne1 h5 32. Qc2 Be7 33. Qxc4
Bxc4 34. Ng3 h4 35. Nf5 Bf8 36. Nc2 Kf7 37. g3 Kg6 38. g4 Bb3 39. Na1 Ba4 40.
Ke2 a5 41. bxa5 Bxa3 42. Kd2 Bb4+ 43. Kc1 Bd7 44. Nc2 Bf8 45. Kd2 Bxf5 46.
gxf5+ Kxf5 47. Ke2 Kg4 48. Kf2 Kh3 49. Kg1 Bd6 50. Kh1 Bxh2 51. Nb4 Bc7 52.
Nxd5 Bxa5 53. Nf6 Bd2 54. d5 g4 55. d6 Bxe3 56. Nxe4 g3 0-1

[Event "4NCL/Div2/WWKS vs. BAR3"]
[Site "West Bromwich ENG"]
[Date "2002.11.24"]
[Round "2.1"]
[White "Hynes, Anthony"]
[Black "Mack, Andrew"]
[Result "1/2-1/2"]
[WhiteElo "2216"]
[BlackElo "2272"]
[PlyCount "36"]
[EventDate "2002.11.24"]

1. e4 e6 2. d4 d5 3. Nd2 Nf6 4. e5 Nfd7 5. Bd3 c5 6. c3 Nc6 7. Ne2 cxd4 8. cxd4
f6 9. exf6 Nxf6 10. Nf3 Qc7 11. O-O Bd6 12. Bg5 O-O 13. Rc1 Ng4 14. Ng3 g6 15.
Nh4 e5 16. Be2 Nf6 17. dxe5 Bxe5 18. Bh6 Rf7 1/2-1/2

[Event "4NCL/Div2/WWKS vs. BAR3"]
[Site "West Bromwich ENG"]
[Date "2002.11.24"]
[Round "2.2"]
[White "Twyble, Michael S"]
[Black "Thomas, Nicholas"]
[Result "1-0"]
[WhiteElo "2238"]
[BlackElo "2236"]
[PlyCount "117"]
[EventDate "2002.11.24"]

1. d4 e6 2. c4 f5 3. g3 Nf6 4. Bg2 Be7 5. Nf3 d6 6. O-O O-O 7. Nc3 Ne4 8. Nxe4
fxe4 9. Nd2 d5 10. e3 c6 11. b3 b5 12. cxb5 cxb5 13. Nxe4 b4 14. Nd2 Ba6 15.
Re1 Nc6 16. Nf3 Qb6 17. Bb2 Rad8 18. Rc1 Bb5 19. Bf1 Bxf1 20. Rxf1 Rc8 21. Ne1
Qa6 22. Nd3 Bd6 23. Ra1 Nb8 24. Qd2 Qb5 25. Rfc1 Nd7 26. Rxc8 Rxc8 27. Rc1
Rxc1+ 28. Bxc1 Qc6 29. Bb2 a5 30. Qc1 Qxc1+ 31. Bxc1 Kf7 32. Kf1 Ke7 33. Ke2
Nf6 34. f3 Kd7 35. Nf2 Ne8 36. Kd3 Nc7 37. Bb2 Nb5 38. e4 Bc7 39. Nd1 Kc6 40.
Ne3 Nd6 41. a3 h5 42. axb4 axb4 43. Bc1 Ne8 44. Bd2 Bd6 45. Ng2 Nc7 46. e5 Be7
47. Nf4 h4 48. gxh4 Kb5 49. Ng6 Bd8 50. Bg5 Bxg5 51. hxg5 Kc6 52. Nh4 Nb5 53.
f4 Nc3 54. f5 Ne4 55. f6 gxf6 56. gxf6 Kd7 57. Nf3 Nf2+ 58. Ke2 Nh3 59. Ke3 1-0

[Event "4NCL/Div2/WWKS vs. BAR3"]
[Site "West Bromwich ENG"]
[Date "2002.11.24"]
[Round "2.3"]
[White "Mason, Don"]
[Black "Ozeren, Kemal"]
[Result "1-0"]
[WhiteElo "2256"]
[BlackElo "2160"]
[PlyCount "82"]
[EventDate "2002.11.24"]

1. e4 c6 2. d4 d5 3. exd5 cxd5 4. c4 Nf6 5. Nc3 e6 6. Nf3 Be7 7. Bd3 O-O 8. O-O
Nc6 9. c5 b6 10. Bb5 Bd7 11. Bxc6 Bxc6 12. b4 Ne4 13. Bd2 a5 14. a3 axb4 15.
axb4 Rxa1 16. Qxa1 Nxd2 17. Nxd2 bxc5 18. bxc5 e5 19. Nf3 exd4 20. Nxd4 Qc7 21.
Qa6 Bb7 22. Qb6 Qxb6 23. cxb6 Rc8 24. Ncb5 g6 25. Rb1 Rc4 26. g3 Bc5 27. Nf3
Rb4 28. Rxb4 Bxb4 29. Ne5 Kf8 30. Nd3 Be7 31. Nc7 Bd6 32. Nb5 Ke7 33. f4 f6 34.
Kf2 Ba6 35. Nxd6 Kxd6 36. Ke3 Bb7 37. Kd4 Ba6 38. Nc5 Bc4 39. b7 Kc7 40. Nd7
Kxb7 41. Nxf6 Kc6 1-0

[Event "4NCL/Div2/WWKS vs. BAR3"]
[Site "West Bromwich ENG"]
[Date "2002.11.24"]
[Round "2.4"]
[White "Rich, Mark"]
[Black "Baruch, Andrew JD"]
[Result "0-1"]
[WhiteElo "2227"]
[BlackElo "2072"]
[PlyCount "112"]
[EventDate "2002.11.24"]

1. e4 Nf6 2. e5 Nd5 3. d4 d6 4. c4 Nb6 5. exd6 cxd6 6. Nc3 g6 7. Be3 Bg7 8. Qd2
Nc6 9. b3 d5 10. c5 Nd7 11. Nf3 Nxc5 12. dxc5 d4 13. Nxd4 Bxd4 14. O-O-O Bxe3
15. Qxe3 Qa5 16. Bb5 Qa3+ 17. Kb1 Bf5+ 18. Ka1 O-O 19. Bxc6 bxc6 20. g4 Be6 21.
Nb1 Qa5 22. f3 Rab8 23. Kb2 Rb5 24. Rc1 Rd8 25. h4 Qb4 26. Rc3 Qd4 27. Qxd4
Rxd4 28. Rh2 f5 29. Na3 Rb7 30. Re3 Kf7 31. Nc2 Rf4 32. g5 Bd5 33. Ne1 Rbb4 34.
Nd3 Rxh4 35. Nxb4 Rxh2+ 36. Kc3 f4 37. Rd3 e6 38. Kd4 Re2 39. Nxd5 exd5 40. b4
Ke6 41. Ra3 Rb2 42. Kc3 Rf2 43. Rxa7 Rxf3+ 44. Kd4 Re3 45. Rc7 Re4+ 46. Kc3
Rc4+ 47. Kd3 Rxb4 48. Rxc6+ Ke5 49. Rc7 Rd4+ 50. Kc3 Ra4 51. c6 Rc4+ 52. Kd3
Kf5 53. Rd7 Rxc6 54. Rxd5+ Kg4 55. a4 Kg3 56. Rd7 f3 0-1

[Event "4NCL/Div2/WWKS vs. BAR3"]
[Site "West Bromwich ENG"]
[Date "2002.11.24"]
[Round "2.5"]
[White "Pitcher, John"]
[Black "Williamson, Paul L"]
[Result "1-0"]
[WhiteElo "2130"]
[BlackElo "2149"]
[PlyCount "41"]
[EventDate "2002.11.24"]

1. e4 c6 2. d4 d5 3. e5 Bf5 4. Nc3 Qb6 5. h4 h6 6. Be2 e6 7. Nf3 c5 8. dxc5
Bxc5 9. O-O Be7 10. Nb5 a6 11. Be3 Qd8 12. Nbd4 Bg4 13. c4 dxc4 14. Qc2 Qc7 15.
Rac1 Nd7 16. Qe4 h5 17. Rxc4 Qb8 18. Rfc1 Nb6 19. Nc6 bxc6 20. Qxc6+ Nd7 21.
Rd1 1-0

[Event "4NCL/Div2/WWKS vs. BAR3"]
[Site "West Bromwich ENG"]
[Date "2002.11.24"]
[Round "2.6"]
[White "Flower, David"]
[Black "Hunt, Malcolm A"]
[Result "1/2-1/2"]
[WhiteElo "2108"]
[BlackElo "1960"]
[PlyCount "38"]
[EventDate "2002.11.24"]

1. e4 e5 2. Bc4 Nf6 3. d3 d5 4. exd5 Nxd5 5. Qf3 Be6 6. Ne2 Nc6 7. O-O Bc5 8.
c3 O-O 9. b4 Bb6 10. a4 a6 11. Nd2 f5 12. Nb3 Qd6 13. Ba3 Qd7 14. b5 Nce7 15.
Bc5 axb5 16. axb5 Rae8 17. Bxb6 cxb6 18. Nd2 Ng6 19. Rac1 Ndf4 1/2-1/2

[Event "4NCL/Div2/WWKS vs. BAR3"]
[Site "West Bromwich ENG"]
[Date "2002.11.24"]
[Round "2.7"]
[White "Chevannes, Sabrina"]
[Black "Bhatia, Kanwal K"]
[Result "1/2-1/2"]
[WhiteElo "1972"]
[BlackElo "2047"]
[PlyCount "94"]
[EventDate "2002.11.24"]

1. e4 e5 2. Nc3 Nf6 3. Bc4 Bc5 4. d3 d6 5. h3 Be6 6. Bxe6 fxe6 7. Na4 Bb6 8.
Nxb6 axb6 9. Nf3 Nbd7 10. O-O Qe7 11. Re1 h6 12. d4 exd4 13. Nxd4 e5 14. Nb5
Nc5 15. Nc3 O-O 16. Be3 Ne6 17. Qd2 Qf7 18. f3 Nh5 19. Nd5 Kh7 20. Qf2 b5 21.
a3 c6 22. Nc3 Qg6 23. Kh2 Rad8 24. Rad1 Nf6 25. Rd2 d5 26. exd5 cxd5 27. Bb6 d4
28. Bxd8 dxc3 29. bxc3 Nxd8 30. Rxe5 Nc6 31. Re1 Qh5 32. Qe3 Ra8 33. Qd3+ Kh8
34. Qd6 Qh4 35. Red1 Qc4 36. Rd3 Nh5 37. g3 Re8 38. Qg6 Nf6 39. f4 Re2+ 40. Kh1
Qe4+ 41. Qxe4 Nxe4 42. Kg1 Rxc2 43. Re3 Nxc3 44. Rd7 Ne2+ 45. Kf1 Ned4 46. Rxb7
Rc5 47. g4 Rc1+ 1/2-1/2

[Event "4NCL/Div2/3CS1 vs. ATH1"]
[Site "Telford ENG"]
[Date "2003.01.18"]
[Round "3.1"]
[White "Arkell, Keith C"]
[Black "Spreeuw, Jaap"]
[Result "1-0"]
[WhiteElo "2527"]
[BlackElo "2313"]
[PlyCount "153"]
[EventDate "2003.01.18"]

1. d4 d5 2. c4 c6 3. Nf3 Nf6 4. Nc3 dxc4 5. a4 Bf5 6. Nh4 Bc8 7. Nf3 Bf5 8. e3
e6 9. Bxc4 Bb4 10. O-O Nbd7 11. Bd2 O-O 12. h3 c5 13. Qb3 Qb6 14. Nh4 cxd4 15.
exd4 Bxc3 16. bxc3 Be4 17. a5 Qc7 18. Be2 Rfd8 19. c4 Nf8 20. Be3 Rd7 21. Qb4
Rc8 22. Rac1 Qb8 23. Rfd1 Rcd8 24. Qc3 Rc8 25. Bg5 Ne8 26. Qe3 Bc6 27. Bf4 Qa8
28. Be5 Ng6 29. Nxg6 hxg6 30. Bg4 f5 31. Be2 Kf7 32. Re1 Nf6 33. Bd1 Re8 34.
Bb3 Rdd8 35. f3 Qc8 36. d5 exd5 37. cxd5 Nxd5 38. Qxa7 Qd7 39. a6 Ra8 40. Qc5
Rxa6 41. Bd6 Re6 42. Rxe6 Qxe6 43. Kf2 Rb6 44. Qxb6 Nxb6 45. Bxe6+ Kxe6 46. Bf8
Kf7 47. Bc5 Nd5 48. h4 Nf4 49. Rd1 Ne6 50. Bd6 Kf6 51. Re1 Kf7 52. Be5 Bd5 53.
g4 fxg4 54. fxg4 Bc6 55. Kg3 Bd5 56. Rf1+ Kg8 57. h5 gxh5 58. gxh5 Bc6 59. Kg4
Be4 60. Re1 Bc6 61. Rf1 Bd5 62. Bc3 Bc6 63. Kf5 Bd7 64. Rd1 Nc5+ 65. Kf4 Be8
66. Rd5 Ne6+ 67. Kg4 Bc6 68. Rd2 Kf7 69. Rf2+ Kg8 70. Kf5 Bd7 71. Ke5 Nd8 72.
Rg2 Be8 73. h6 Nf7+ 74. Ke6 Nxh6 75. Ke7 Bc6 76. Rxg7+ Kh8 77. Kf8 1-0

[Event "4NCL/Div2/3CS1 vs. ATH1"]
[Site "Telford ENG"]
[Date "2003.01.18"]
[Round "3.2"]
[White "van Voorthuijsen, Pieter W"]
[Black "Davies, Nigel R"]
[Result "0-1"]
[WhiteElo "2304"]
[BlackElo "2483"]
[PlyCount "80"]
[EventDate "2003.01.18"]

1. d4 f5 2. g3 Nf6 3. Bg2 e6 4. Nf3 d5 5. O-O Bd6 6. b3 Qe7 7. Bb2 O-O 8. Qc1
b6 9. Ba3 c5 10. Nbd2 Bb7 11. c4 Na6 12. Qb2 Ne4 13. Rad1 Nb4 14. Bxb4 cxb4 15.
Nxe4 dxe4 16. Ne5 Bxe5 17. dxe5 Rfd8 18. Qa1 Kf7 19. Rxd8 Rxd8 20. Rd1 Ke8 21.
Rd4 b5 22. e3 bxc4 23. bxc4 a5 24. Qd1 Bc6 25. Qd2 Rd7 26. g4 g6 27. Rd6 Rxd6
28. exd6 Qf6 29. d7+ Bxd7 30. Qd6 Qa1+ 31. Bf1 Qxa2 32. gxf5 gxf5 33. Qe5 Qa4
34. c5 Qc6 35. Bc4 Kd8 36. Qb8+ Bc8 37. Qa7 Qc7 38. Qa8 Ke7 39. c6 Kd6 40. Bb5
b3 0-1

[Event "4NCL/Div2/3CS1 vs. ATH1"]
[Site "Telford ENG"]
[Date "2003.01.18"]
[Round "3.3"]
[White "Clarke, Stuart W"]
[Black "Quinn, John M"]
[Result "1-0"]
[WhiteElo "2287"]
[BlackElo "2196"]
[PlyCount "115"]
[EventDate "2003.01.18"]

1. e4 c5 2. c3 d5 3. exd5 Qxd5 4. d4 Nf6 5. Nf3 g6 6. Na3 Bg7 7. Nb5 Na6 8. Be3
cxd4 9. Qxd4 Qxd4 10. Bxd4 b6 11. Bc4 Bb7 12. Ne5 O-O 13. O-O Nd5 14. Rfe1 Rfd8
15. Rad1 f6 16. Ng4 e5 17. Bxe5 fxe5 18. Ne3 Kh8 19. Bxd5 Bxd5 20. Nxd5 Rd7 21.
Ne3 Rf7 22. Ng4 Re7 23. Nd6 Rf8 24. f3 h5 25. Nf2 Nc7 26. Nde4 Bh6 27. Rd3 Ne6
28. Red1 Kg7 29. Rd7 Rff7 30. Rxe7 Rxe7 31. Rd5 Nc7 32. Rd3 Ne6 33. Kf1 Bc1 34.
b3 Ba3 35. Rd1 Nc7 36. Ke2 Ne6 37. g3 a5 38. Nd3 Nc7 39. Ne1 Rf7 40. Nc2 Bf8
41. Ne3 b5 42. Ng5 Re7 43. Nd5 Nxd5 44. Rxd5 b4 45. c4 a4 46. bxa4 Ra7 47. Ne6+
Kf7 48. Nxf8 Rxa4 49. Nd7 Rxa2+ 50. Ke3 b3 51. Nxe5+ Kf6 52. Rb5 Rxh2 53. Nd3
Rg2 54. Rxb3 Rxg3 55. c5 Ke6 56. c6 Kd6 57. Rc3 Kc7 58. Nf4 1-0